Expliquer la vie (notice n° 1552559)

détails MARC
000 -LEADER
fixed length control field 02288cam a2200277zu 4500
003 - CONTROL NUMBER IDENTIFIER
control field FRCYB88805828
005 - DATE AND TIME OF LATEST TRANSACTION
control field 20251020123003.0
008 - FIXED-LENGTH DATA ELEMENTS--GENERAL INFORMATION
fixed length control field 251020s2011 fr | o|||||0|0|||fre d
020 ## - INTERNATIONAL STANDARD BOOK NUMBER
International Standard Book Number 9782759216628
035 ## - SYSTEM CONTROL NUMBER
System control number FRCYB88805828
040 ## - CATALOGING SOURCE
Original cataloging agency FR-PaCSA
Language of cataloging fr
Transcribing agency
Description conventions rda
100 1# - MAIN ENTRY--PERSONAL NAME
Personal name Pichot, André
245 01 - TITLE STATEMENT
Title Expliquer la vie
Remainder of title De l'âme à la molécule
Statement of responsibility, etc. ['Pichot, André']
264 #1 - PRODUCTION, PUBLICATION, DISTRIBUTION, MANUFACTURE, AND COPYRIGHT NOTICE
Name of producer, publisher, distributor, manufacturer Editions Quae
Date of production, publication, distribution, manufacture, or copyright notice 2011
300 ## - PHYSICAL DESCRIPTION
Extent p.
336 ## - CONTENT TYPE
Content type code txt
Source rdacontent
337 ## - MEDIA TYPE
Media type code c
Source rdamdedia
338 ## - CARRIER TYPE
Carrier type code c
Source rdacarrier
520 ## - SUMMARY, ETC.
Summary, etc. Quelles stratégies la biologie a-t-elle développées, tout au long de son histoire, pour expliquer la vie ? Comment, d’une conception où l’univers entier était quasiment vivant, où les vivants par excellence étaient les dieux et les astres, et où la vie était même une caractéristique divine, est-on passé à une conception où seuls sont vivants quelques objets matériels dotés d’une organisation particulière, et où la vie n’est plus guère qu’un fonctionnement machinique. Comment est-on passé d’une conception où les processus vitaux étaient expliqués par une âme, à une conception où ils sont soumis aux mêmes lois physiques que les objets inanimés. Comment, dans un monde unifié par de telles lois, a-t-on alors essayé de rendre compte de la spécificité de l’être vivant, de la définir et de la concilier avec l’unité et l’universalité des principes physiques explicatifs ? Cet ouvrage suit, pas à pas, les multiples voies empruntées par la biologie dans cette recherche, ses avenues et ses impasses, ses méandres et ses bifurcations, ses avancées et ses reculs. Les thématiques dont la tresse forme l’histoire de la biologie sont en grand nombre. Pour la simplicité de l’exposé, quatre couples de thème constituent la base du sommaire. – Animisme et mécanisme (autonomie et lois naturelles), – Mécanisme et chimie (organes et fonctions), – Forme et temps (explication physique et explication historique), – Cellules et molécules.
650 #0 - SUBJECT ADDED ENTRY--TOPICAL TERM
Topical term or geographic name entry element
700 0# - ADDED ENTRY--PERSONAL NAME
Personal name Pichot, André
856 40 - ELECTRONIC LOCATION AND ACCESS
Access method Cyberlibris
Uniform Resource Identifier <a href="https://international.scholarvox.com/netsen/book/88805828">https://international.scholarvox.com/netsen/book/88805828</a>
Electronic format type text/html
Host name

Pas d'exemplaire disponible.

PLUDOC

PLUDOC est la plateforme unique et centralisée de gestion des bibliothèques physiques et numériques de Guinée administré par le CEDUST. Elle est la plus grande base de données de ressources documentaires pour les Étudiants, Enseignants chercheurs et Chercheurs de Guinée.

Adresse

627 919 101/664 919 101

25 boulevard du commerce
Kaloum, Conakry, Guinée

Réseaux sociaux

Powered by Netsen Group @ 2025